000 00599 a2200157 4500
020 _a9780470054376
020 _a9780470054376
040 _aDLC
_bDLC
100 1 _aKilts, Steve,
245 1 0 _aAdvanced FPGA design: architecture, implementation and optimization
_barchitecture, implementation and optimization
_cSteve Kilts
246 3 0 _aAdvanced field programmable gate array design.
260 _aHoboken, N.J. :
_bWiley-Intersicence :
_bIEEE,
_cc2007.
300 _axv, 336 p. :
_bill. ;
_c25 cm.
650 0 _aField programmable gate arrays
_xDesign and construction.
942 _cBK
_k621.395 KIL
_2ddc
999 _c9394
_d9394